|
|
|
|
| LEADER |
00811nta a2200217 i 4500 |
| 001 |
dokt7123 |
| 005 |
20220316145815.0 |
| 008 |
220316s1999 hu om 0|| eng d |
| 040 |
|
|
|a SZTE Doktori Repozitórium
|b hun
|
| 041 |
|
|
|a eng
|
| 100 |
1 |
|
|a Szőke Ildikó
|
| 245 |
1 |
0 |
|a Examination of pathogenic factors of anaerobic bacteria
|h [elektronikus dokumentum] /
|c Szőke Ildikó
|
| 260 |
|
|
|c 1999
|
| 502 |
|
|
|a Disszertacio
|
| 650 |
|
4 |
|a biológiai tudományok
|
| 650 |
|
4 |
|a Természettudományok
|
| 650 |
|
4 |
|a Biológiai tudományok
|
| 695 |
|
|
|a Mikrobiológia
|
| 700 |
1 |
|
|a Nagy Erzsébet
|e ths
|
| 856 |
4 |
0 |
|u https://doktori.bibl.u-szeged.hu/id/eprint/7123/1/1999_szoke_ildiko.pdf
|z Dokumentum-elérés
|
| 856 |
4 |
0 |
|u https://doktori.bibl.u-szeged.hu/id/eprint/7123/2/1999_szoke_ildiko_publikaciok.pdf
|z Dokumentum-elérés
|